Indolové deriváty, spôsob ich výroby a farmaceutické prípravky s ich obsahom

Bibliographic Details
Format: Book
Language:Slovak
Published: Banská Bystrica Úrad priemyselného vlastníctva 1996
Subjects:

MARC

LEADER 00000cam a2200000 a 4500
001 vtls001219529
003 SK-MaSNL
005 20260301003014.0
008 960412s1996 xo grj 00000 slo
035 |a SNK000163804 
040 |a SNK  |b slo  |c SNK  |e AACR2 
041 0 |a slo 
044 |a xo  |c SK 
072 7 |a 615  |x Farmácia. Farmakológia  |2 konspekt 
072 7 |a 616.89  |x Psychiatria  |2 konspekt 
080 |a 616.895.4  |2 2011 
080 |a 615.45  |2 2011 
080 |a 616.857  |2 2001 
080 |a (088.83)  |2 2001 
245 0 0 |a Indolové deriváty, spôsob ich výroby a farmaceutické prípravky s ich obsahom 
260 |a Banská Bystrica  |b Úrad priemyselného vlastníctva  |c 1996 
650 0 7 |a deriváty  |2 SNKPH  |9 283682 
650 0 7 |a indolové deriváty  |2 SNKPH  |9 283683 
650 0 7 |a výroba derivátov  |2 SNKPH  |9 283684 
650 0 7 |a farmaceutické prípravky  |2 SNKPH  |9 50839 
650 0 7 |a depresie  |2 SNKPH  |9 30104 
650 0 7 |a liečivá  |2 SNKPH  |9 2452 
650 0 7 |a liečivé prípravky  |2 SNKPH  |9 84057 
650 0 7 |a použitie na prípravu liečiv  |2 SNKPH  |9 283685 
650 0 7 |a migréna  |2 SNKPH  |9 2530 
650 0 7 |a liečba migrény  |2 SNKPH  |9 283686 
655 7 |a patenty  |2 SNKPH  |9 177343 
999 |c 538549  |d 540479 
952 |t P60, <03>, [BOOK], {603}  |a SNK  |b SNK  |y PREZ  |7 0  |o snkSK 277952  |i snkPS 56/96  |0 0  |1 0  |4 0  |d 1996-08-26  |l 0  |r 2005-01-01 00:00:00  |w 2026-02-23